Concurrent Engineering Automation,Tools,and Techniques (Record no. 23711)
[ view plain ]
| 000 -LEADER | |
|---|---|
| fixed length control field | 00310nam a22000977a 4500 |
| 003 - CONTROL NUMBER IDENTIFIER | |
| control field | Nust |
| 005 - DATE AND TIME OF LATEST TRANSACTION | |
| control field | 20170406122633.0 |
| 008 - FIXED-LENGTH DATA ELEMENTS--GENERAL INFORMATION | |
| fixed length control field | 140101b xxu||||| |||| 00| 0 eng d |
| 020 ## - INTERNATIONAL STANDARD BOOK NUMBER | |
| International Standard Book Number | 0471554928 |
| Terms of availability | Available |
| 040 ## - CATALOGING SOURCE | |
| Original cataloging agency | DLC |
| Language of cataloging | DLC |
| Transcribing agency | RCMS |
| 082 ## - DEWEY DECIMAL CLASSIFICATION NUMBER | |
| Classification number | 658.5 KUS |
| Author Mark | 002478 |
| 100 ## - MAIN ENTRY--PERSONAL NAME | |
| Personal name | Andrew Kusiak |
| 245 ## - TITLE STATEMENT | |
| Title | Concurrent Engineering Automation,Tools,and Techniques |
| 260 ## - PUBLICATION, DISTRIBUTION, ETC. | |
| Place of publication, distribution, etc. | Canada |
| Name of publisher, distributor, etc. | John Wiley & Sons, Inc. |
| Date of publication, distribution, etc. | c1993. |
| 300 ## - PHYSICAL DESCRIPTION | |
| Extent | xviii, 589 p. : |
| Other physical details | ill, ; |
| Dimensions | 26 cm. |
| 538 ## - SYSTEM DETAILS NOTE | |
| Display text | Shelf # 12, Row # 2, System Engineering. |
| 650 ## - SUBJECT ADDED ENTRY--TOPICAL TERM | |
| Topical term or geographic name entry element | System Engineering |
| 856 ## - ELECTRONIC LOCATION AND ACCESS | |
| Materials specified | Table of Contents Only |
| 942 ## - ADDED ENTRY ELEMENTS (KOHA) | |
| Source of classification or shelving scheme | |
| Koha item type | Book |
| Call number prefix | 658.5 KUS |
| Withdrawn status | Lost status | Source of classification or shelving scheme | Damaged status | Not for loan | Permanent Location | Current Location | Shelving location | Date acquired | Total Checkouts | Full call number | Barcode | Date last seen | Price effective from | Koha item type |
|---|---|---|---|---|---|---|---|---|---|---|---|---|---|---|
| Central Library (CL) | Central Library (CL) | General Stacks | 01/01/2014 | 658.5KUS | RCMS002478 | 01/01/2014 | 01/01/2014 | Book |
